Georgia on My Mind / Driver (Record no. 1359)

000 -LEADER
fixed length control field 00526nam a22001937a 4500
003 - CONTROL NUMBER IDENTIFIER
control field OSt
005 - DATE AND TIME OF LATEST TRANSACTION
control field 20210501121116.0
008 - FIXED-LENGTH DATA ELEMENTS--GENERAL INFORMATION
fixed length control field 210211s1999 ||||| |||| 00| 0 eng d
040 ## - CATALOGING SOURCE
Original cataloging agency eng
Language of cataloging eng
Transcribing agency DLC
041 ## - LANGUAGE CODE
Language code of text/sound track or separate title eng
080 ## - UNIVERSAL DECIMAL CLASSIFICATION NUMBER
Universal Decimal Classification number 659.3
Item number G-37
245 ## - TITLE STATEMENT
Title Georgia on My Mind / Driver
Statement of responsibility, etc. / by: State of Georgia
260 ## - PUBLICATION, DISTRIBUTION, ETC.
Place of publication, distribution, etc. Atlanta
Name of publisher, distributor, etc. State of Georgia
Date of publication, distribution, etc. 1999
300 ## - PHYSICAL DESCRIPTION
Extent 96 p.
Other physical details ill.
650 #0 - SUBJECT ADDED ENTRY--TOPICAL TERM
9 (RLIN) 746
Topical term or geographic name entry element Information
653 ## - INDEX TERM--UNCONTROLLED
Uncontrolled term ინფორმაცია
710 ## - ADDED ENTRY--CORPORATE NAME
9 (RLIN) 846
Corporate name or jurisdiction name as entry element Department of Public Safety
942 ## - ADDED ENTRY ELEMENTS (KOHA)
Source of classification or shelving scheme
Koha item type Books
Holdings
Withdrawn status Lost status Source of classification or shelving scheme Damaged status Not for loan Permanent location Current location Date acquired Inventory number Total Checkouts Full call number Barcode Date last seen Price effective from Koha item type
          Ken Walker International University Ken Walker International University 02/11/2021 825   659.3 G-37 825 02/11/2021 02/11/2021 Books

Powered by Koha